[Event "Madrid-ch Previa B"]
[Site "Madrid ESP"]
[Date "2014.02.08"]
[Round "3.8"]
[White "Aguilera Lopez, Alejandro"]
[Black "Marcos Herrero, Francisco"]
[Result "1/2-1/2"]
[WhiteElo "1612"]
[BlackElo "1930"]
[PlyCount "165"]
[EventDate "2014.02.06"]
[EventType "swiss"]
[EventRounds "9"]
[EventCountry "ESP"]
[Source "lmi"]
[SourceDate "2014.02.06"]

1. d4 Nf6 2. Nf3 c5 3. e3 g6 4. c4 Bg7 5. Nc3 O-O 6. Be2 cxd4 7. Nxd4 Nc6 8.
O-O Nxd4 9. exd4 d5 10. Be3 Be6 11. cxd5 Nxd5 12. Bf3 Qa5 13. Nxd5 Bxd5 14. a3
Rfd8 15. Rc1 Qb6 16. b4 Bxf3 17. Qxf3 Bxd4 18. Bxd4 Rxd4 19. Rc2 Rad8 20. h3
Rd3 21. Qe4 e6 22. Rfc1 R3d4 23. Qf3 Rd3 24. Qe4 Rd1+ 25. Rxd1 Rxd1+ 26. Kh2
Qd6+ 27. g3 Qd5 28. Qg2 Rd3 29. Rc7 Qxg2+ 30. Kxg2 Rxa3 31. Rxb7 h5 32. b5 g5
33. b6 axb6 34. Rxb6 Kg7 35. Rc6 Kg6 36. Rb6 Kf6 37. Rc6 Ra4 38. Rb6 Kf5 39.
Rb3 f6 40. Kf3 e5 41. Rc3 Rd4 42. Ra3 Rd1 43. Kg2 Rd5 44. Kf3 Rd4 45. Rb3 h4
46. g4+ Ke6 47. Rb6+ Rd6 48. Rb3 Kd5 49. Ra3 e4+ 50. Ke3 Ke5 51. Rb3 Rd5 52.
Ke2 f5 53. gxf5 Kxf5 54. f3 Re5 55. fxe4+ Kxe4 56. Kf2 Rd5 57. Rb2 Kd3 58. Ra2
Rf5+ 59. Kg2 Re5 60. Kf2 Ke4 61. Kg2 Ke3 62. Ra3+ Kf4 63. Ra2 Re4 64. Rb2 Re3
65. Rb4+ Kf5 66. Rb2 Ke4 67. Rd2 Rd3 68. Ra2 Ke3 69. Rb2 Rd4 70. Ra2 Rd3 71.
Rb2 Ke4 72. Ra2 Rg3+ 73. Kh2 Re3 74. Kg2 Kf4 75. Ra4+ Re4 76. Ra2 Rb4 77. Re2
Rb3 78. Ra2 Rb4 79. Re2 g4 80. hxg4 Kxg4 81. Re1 Rb2+ 82. Kh1 Ra2 83. Rb1
1/2-1/2

[Event "Madrid-ch Previa B"]
[Site "Madrid ESP"]
[Date "2014.02.08"]
[Round "3.9"]
[White "Bento Iglesias, Pablo"]
[Black "Merino Araguas, Jose Javier"]
[Result "1-0"]
[WhiteElo "1601"]
[BlackElo "1813"]
[PlyCount "64"]
[EventDate "2014.02.06"]
[EventType "swiss"]
[EventRounds "9"]
[EventCountry "ESP"]
[Source "lmi"]
[SourceDate "2014.02.06"]

1. e4 e6 2. d4 d5 3. Nc3 Nf6 4. exd5 exd5 5. Nf3 Bg4 6. Be2 Be7 7. h3 Bh5 8.
O-O O-O 9. Re1 Re8 10. Bg5 Nbd7 11. Ne5 Bxe2 12. Rxe2 c6 13. Qd3 Nxe5 14. dxe5
Nd7 15. Bxe7 Qxe7 16. Rae1 Nc5 17. Qd2 Rad8 18. f4 Qe6 19. a3 Qg6 20. g4 Qh6
21. Kg2 Qh4 22. f5 Qe7 23. Qf4 Qc7 24. Qg5 h6 25. Qf4 f6 26. Qd4 Ne4 27. Nxe4
dxe4 28. Qc4+ Kh7 29. e6 Qf4 30. Qxe4 Qxe4+ 31. Rxe4 Kg8 32. R4e3 Kf8 1-0

[Event "Madrid-ch Previa B"]
[Site "Madrid ESP"]
[Date "2014.02.08"]
[Round "3.10"]
[White "Alonso Herrero, Ignacio"]
[Black "Morona Minguez, Miguel"]
[Result "1-0"]
[WhiteElo "1777"]
[BlackElo "1622"]
[PlyCount "41"]
[EventDate "2014.02.06"]
[EventType "swiss"]
[EventRounds "9"]
[EventCountry "ESP"]
[Source "lmi"]
[SourceDate "2014.02.06"]

1. e4 e5 2. Bc4 Nc6 3. f4 Nf6 4. Nf3 Nxe4 5. fxe5 d5 6. Bb5 Bd7 7. Qe2 Be7 8.
d4 Bh4+ 9. g3 Bxg3+ 10. hxg3 Nxg3 11. Qg2 Nxh1 12. Qxg7 Rf8 13. Nc3 Nb4 14. Bg5
Qc8 15. Bh6 Ke7 16. Qf6+ Ke8 17. Bxf8 Kxf8 18. Ng5 Be8 19. Bxe8 Qxe8 20. Nxh7+
Kg8 21. O-O-O 1-0

[Event "Madrid-ch Previa B"]
[Site "Madrid ESP"]
[Date "2014.02.08"]
[Round "3.11"]
[White "Sebastian Enesco, Alex"]
[Black "Castro Uceda, Jose Antonio"]
[Result "1-0"]
[WhiteElo "1761"]
[BlackElo "1620"]
[PlyCount "59"]
[EventDate "2014.02.06"]
[EventType "swiss"]
[EventRounds "9"]
[EventCountry "ESP"]
[Source "lmi"]
[SourceDate "2014.02.06"]

1. e4 c5 2. Nf3 d6 3. d4 cxd4 4. Nxd4 Nf6 5. Nc3 a6 6. Bc4 e6 7. O-O Be7 8. Be3
O-O 9. f3 b5 10. Bd3 Bb7 11. Qe1 Nbd7 12. Qg3 b4 13. Nd1 Nh5 14. Qh3 g6 15. Ne2
Ne5 16. Ng3 Nxg3 17. hxg3 Nxd3 18. cxd3 Rc8 19. Kh2 Rc2 20. Rh1 Qa5 21. g4 h5
22. gxh5 Qxh5 23. Qxh5 gxh5 24. Kg1 h4 25. Bf2 Rd2 26. Bxh4 Bxh4 27. Rxh4 Rxd3
28. Ne3 Rxe3 29. Kf2 Rd3 30. Rg4+ 1-0

[Event "Madrid-ch Previa B"]
[Site "Madrid ESP"]
[Date "2014.02.08"]
[Round "3.12"]
[White "Hernandez Del Can, Jose"]
[Black "Vela Martinez, Jose"]
[Result "0-1"]
[WhiteElo "1717"]
[BlackElo "1588"]
[PlyCount "104"]
[EventDate "2014.02.06"]
[EventType "swiss"]
[EventRounds "9"]
[EventCountry "ESP"]
[Source "lmi"]
[SourceDate "2014.02.06"]

1. c4 b6 2. Nc3 e6 3. e4 Bb7 4. d4 Be7 5. Nf3 Nf6 6. e5 Ne4 7. Nxe4 Bxe4 8. Bd3
Bb4+ 9. Bd2 Bxd3 10. Bxb4 Bxc4 11. b3 Bd5 12. O-O Nc6 13. Bc3 O-O 14. Qd3 f6
15. Nd2 fxe5 16. dxe5 Qg5 17. Ne4 Qf5 18. f3 Nxe5 19. Qd4 d6 20. Rae1 Qg6 21.
Qe3 Nd7 22. Ba1 e5 23. Ng3 Nf6 24. Rc1 Rac8 25. Qe2 Bb7 26. Qc4+ Kh8 27. Qa4 a6
28. Rfe1 Qe8 29. Qb4 Nd5 30. Qd2 Qg6 31. Rc4 Nf4 32. Rec1 Rf7 33. Qc2 Qg5 34.
Bc3 b5 35. Re4 Bxe4 36. Nxe4 Qg6 37. Be1 d5 38. Ng3 Nd3 39. Rd1 Nxe1 40. Qxg6
Nxf3+ 41. gxf3 hxg6 42. Rxd5 Rxf3 43. Rxe5 Rd3 44. Re2 Kg8 45. Ne4 c5 46. Ng5
Rd4 47. Nf3 Rf4 48. Kf2 Rcf8 49. Re3 g5 50. Kg3 Rxf3+ 51. Rxf3 Rxf3+ 52. Kxf3
Kf7 0-1

[Event "Madrid-ch Previa B"]
[Site "Madrid ESP"]
[Date "2014.02.08"]
[Round "3.13"]
[White "Martinez Carrasco, Jesus"]
[Black "Urena Castellanos, Antonio"]
[Result "0-1"]
[WhiteElo "1586"]
[BlackElo "1697"]
[PlyCount "77"]
[EventDate "2014.02.06"]
[EventType "swiss"]
[EventRounds "9"]
[EventCountry "ESP"]
[Source "lmi"]
[SourceDate "2014.02.06"]

1. d4 d5 2. c4 c6 3. Nf3 Nf6 4. Nc3 Bg4 5. e3 e6 6. Be2 Bb4 7. O-O Bxc3 8. bxc3
Nbd7 9. h3 Bh5 10. Bb2 O-O 11. cxd5 cxd5 12. Re1 Ne4 13. Rc1 Qa5 14. a3 Rac8
15. c4 Qb6 16. Ba1 Qa5 17. Qb3 Bxf3 18. Bxf3 Nd2 19. Qxb7 Nxf3+ 20. gxf3 Rc7
21. Qb5 Qxa3 22. c5 Rb8 23. Qe2 Qa4 24. Bc3 Qc6 25. e4 Nf8 26. Bd2 Rb2 27. Qe3
Rcb7 28. exd5 exd5 29. Qf4 Ne6 30. Qe3 h6 31. Kh1 R7b3 32. Bc3 a5 33. f4 Nf8
34. f5 Qd7 35. f6 gxf6 36. Qxh6 Rxf2 37. Rg1+ Ng6 38. Rg3 Qf5 39. Rgg1 0-1

[Event "Madrid-ch Previa B"]
[Site "Madrid ESP"]
[Date "2014.02.08"]
[Round "3.14"]
[White "Benitez Cadenas, Luis Miguel"]
[Black "Melcon Diez, Enrique"]
[Result "1-0"]
[WhiteElo "1695"]
[BlackElo "1606"]
[PlyCount "41"]
[EventDate "2014.02.06"]
[EventType "swiss"]
[EventRounds "9"]
[EventCountry "ESP"]
[Source "lmi"]
[SourceDate "2014.02.06"]

1. d4 Nf6 2. c4 g6 3. Nc3 d5 4. Bf4 Bg7 5. Nf3 O-O 6. e3 Nc6 7. Rc1 Bg4 8. h3
Bxf3 9. Qxf3 Nh5 10. Bh2 dxc4 11. Bxc4 e6 12. Bb5 Nb4 13. a3 Nd5 14. Nxd5 exd5
15. Bxc7 Qg5 16. O-O a6 17. Ba4 b5 18. Bb3 Rac8 19. Qxd5 Qxd5 20. Bxd5 Nf6 21.
Bb7 1-0

[Event "Madrid-ch Previa B"]
[Site "Madrid ESP"]
[Date "2014.02.08"]
[Round "3.15"]
[White "Jimenez Manzano, Emiliano"]
[Black "Franco Rincon, David"]
[Result "1/2-1/2"]
[WhiteElo "1481"]
[BlackElo "1685"]
[PlyCount "65"]
[EventDate "2014.02.06"]
[EventType "swiss"]
[EventRounds "9"]
[EventCountry "ESP"]
[Source "lmi"]
[SourceDate "2014.02.06"]

1. d4 d5 2. Bf4 Nf6 3. Nc3 Bf5 4. e3 e6 5. Bd3 Bxd3 6. Qxd3 c6 7. Nf3 Nbd7 8.
Ne2 Be7 9. h3 O-O 10. O-O h6 11. Bh2 Qb6 12. Rab1 c5 13. c3 Bd6 14. Bxd6 Qxd6
15. Ng3 cxd4 16. exd4 Rac8 17. Rfe1 Nb6 18. b3 Nfd7 19. Re2 Rc7 20. Rc2 Rfc8
21. Rbc1 Nb8 22. Nf1 Nc6 23. Ne3 Nd7 24. Qd2 Nf6 25. c4 Ne4 26. Qe1 dxc4 27.
Nxc4 Qf4 28. Ne3 Nf6 29. Rc4 b5 30. R4c2 Nd5 31. Nxd5 exd5 32. Qe3 Qd6 33. Ne5
1/2-1/2

[Event "Madrid-ch Previa B"]
[Site "Madrid ESP"]
[Date "2014.02.08"]
[Round "3.16"]
[White "Reyes Penas, Sebastian"]
[Black "Mosteiro Montoro, Alvaro"]
[Result "0-1"]
[WhiteElo "1383"]
[BlackElo "1654"]
[PlyCount "80"]
[EventDate "2014.02.06"]
[EventType "swiss"]
[EventRounds "9"]
[EventCountry "ESP"]
[Source "lmi"]
[SourceDate "2014.02.06"]

1. e4 c5 2. Nf3 Nc6 3. d4 cxd4 4. Nxd4 Nf6 5. Nc3 e5 6. Nde2 Bb4 7. f3 h6 8.
Be3 d5 9. exd5 Nxd5 10. Bd2 Nf6 11. a3 Ba5 12. Ng3 Bxc3 13. Bxc3 Qxd1+ 14. Rxd1
O-O 15. Bd3 Nd5 16. Bd2 Nf4 17. Bxf4 exf4 18. Ne4 Ne5 19. Be2 Bf5 20. Bd3 Rad8
21. O-O Nxd3 22. cxd3 Rd4 23. Rfe1 Rfd8 24. Nc5 b6 25. Nb3 Rxd3 26. Re8+ Rxe8
27. Rxd3 Bxd3 28. Nd4 Rc8 29. Kf2 Rc1 30. g3 g5 31. Kg2 fxg3 32. hxg3 Rb1 33.
b4 h5 34. Nc6 a6 35. Ne5 Rb2+ 36. Kg1 Bb5 37. f4 f6 38. Nf3 Rb3 39. Nd4 Rxg3+
40. Kf2 Rxa3 0-1

[Event "Madrid-ch Previa B"]
[Site "Madrid ESP"]
[Date "2014.02.08"]
[Round "3.19"]
[White "Lopez Ziegler, Juan Jose"]
[Black "Soto Martin, Miguel"]
[Result "1-0"]
[WhiteElo "1512"]
[BlackElo "1645"]
[PlyCount "91"]
[EventDate "2014.02.06"]
[EventType "swiss"]
[EventRounds "9"]
[EventCountry "ESP"]
[Source "lmi"]
[SourceDate "2014.02.06"]

1. d4 Nf6 2. Nf3 g6 3. c4 Bg7 4. Nc3 O-O 5. Bf4 d6 6. e3 Nbd7 7. Be2 Re8 8. h3
e5 9. dxe5 dxe5 10. Nxe5 Nxe5 11. Qxd8 Rxd8 12. Bxe5 Rd7 13. Nb5 Ne8 14. Bxg7
Nxg7 15. Bg4 f5 16. Bf3 c6 17. Nd4 Rd8 18. O-O-O Be6 19. b3 a5 20. a4 Bf7 21.
Rd2 Rd7 22. g4 Rad8 23. Rhd1 fxg4 24. Bxg4 Rd6 25. Nxc6 Rxd2 26. Nxd8 Rxd1+ 27.
Kxd1 b6 28. Kc2 Kf8 29. Kc3 Ke7 30. Nc6+ Kd6 31. Nd4 Ne8 32. f4 Nf6 33. Bf3 Be6
34. e4 Nd7 35. Nxe6 Kxe6 36. Bg4+ Kd6 37. Bxd7 Kxd7 38. Kd4 Kd6 39. f5 g5 40.
e5+ Ke7 41. Kd5 h5 42. Ke4 Kf7 43. e6+ Kf6 44. Kd5 h4 45. Kd6 g4 46. e7 1-0

[Event "Madrid-ch Previa B"]
[Site "Madrid ESP"]
[Date "2014.02.08"]
[Round "3.20"]
[White "Barria Arbunic, Manuel"]
[Black "Rottenwohrer Suarez, Juan"]
[Result "1-0"]
[WhiteElo "1577"]
[BlackElo "1456"]
[PlyCount "49"]
[EventDate "2014.02.06"]
[EventType "swiss"]
[EventRounds "9"]
[EventCountry "ESP"]
[Source "lmi"]
[SourceDate "2014.02.06"]

1. e4 c5 2. Nf3 g6 3. d4 cxd4 4. Nxd4 Bg7 5. Nc3 Nc6 6. Be3 Nf6 7. Bc4 d6 8. h3
O-O 9. Bb3 Bd7 10. Qd2 Rc8 11. f3 Na5 12. O-O-O Nc4 13. Bxc4 Rxc4 14. h4 h5 15.
g4 hxg4 16. h5 Nxh5 17. Rdg1 Qc8 18. Nde2 gxf3 19. Nf4 Bxc3 20. bxc3 Rxc3 21.
Nd5 Rxc2+ 22. Qxc2 Qxc2+ 23. Kxc2 Nf6 24. Nxe7+ Kg7 25. Bh6+ 1-0

[Event "Madrid-ch Previa B"]
[Site "Madrid ESP"]
[Date "2014.02.08"]
[Round "3.21"]
[White "Lacaci Otero, Ivan"]
[Black "Melcon Mediavilla, Rodrigo"]
[Result "1/2-1/2"]
[WhiteElo "1728"]
[BlackElo "1446"]
[PlyCount "96"]
[EventDate "2014.02.06"]
[EventType "swiss"]
[EventRounds "9"]
[EventCountry "ESP"]
[Source "lmi"]
[SourceDate "2014.02.06"]

1. e4 c5 2. Nf3 g6 3. Nc3 Nc6 4. Bb5 a6 5. Bxc6 bxc6 6. d4 cxd4 7. Qxd4 Nf6 8.
e5 Nh5 9. e6 f6 10. exd7+ Qxd7 11. Qxd7+ Bxd7 12. O-O c5 13. Nd5 Ra7 14. Bd2
Rb7 15. Rab1 Bc6 16. Nc3 e5 17. Rfe1 g5 18. Ne4 Be7 19. Bc3 O-O 20. Rbd1 Rd7
21. Rxd7 Bxd7 22. Rd1 Bc6 23. Nd6 Rd8 24. Nxe5 fxe5 25. Bxe5 Bxd6 26. Rxd6 Rxd6
27. Bxd6 Be4 28. Bxc5 Bxc2 29. f3 Nf4 30. Be3 h6 31. h4 Bd1 32. hxg5 hxg5 33.
Kf2 Kf7 34. Kg3 Kf6 35. Bxf4 gxf4+ 36. Kxf4 Bc2 37. g4 a5 38. b3 Bd1 39. Kg3
Ke5 40. f4+ Ke4 41. f5 Ke5 42. Kh4 Kf6 43. Kh5 Bc2 44. Kh4 Bxf5 45. gxf5 Kxf5
46. Kg3 Ke4 47. Kf2 Kd3 48. Ke1 Kc2 1/2-1/2

[Event "Madrid-ch Previa B"]
[Site "Madrid ESP"]
[Date "2014.02.08"]
[Round "3.22"]
[White "Santos Burkholz, Mario"]
[Black "Garcia Carbonell, Francisco"]
[Result "0-1"]
[WhiteElo "1424"]
[BlackElo "1666"]
[PlyCount "84"]
[EventDate "2014.02.06"]
[EventType "swiss"]
[EventRounds "9"]
[EventCountry "ESP"]
[Source "lmi"]
[SourceDate "2014.02.06"]

1. e4 e5 2. Nf3 Nc6 3. Bc4 Nf6 4. d3 Be7 5. c3 d6 6. Be3 Bg4 7. h3 Bd7 8. Nbd2
h6 9. O-O Nh7 10. d4 exd4 11. cxd4 Bf6 12. Re1 O-O 13. Qc2 Re8 14. Bd3 Nb4 15.
Qc3 Nxd3 16. Qxd3 Bc6 17. Rab1 Ng5 18. d5 Bd7 19. Nxg5 Bxg5 20. f4 Bh4 21. Re2
a6 22. Kh2 Qc8 23. Bf2 Bd8 24. g4 Bb5 25. Nc4 c6 26. a4 cxd5 27. axb5 dxc4 28.
Qxd6 Bc7 29. Qd2 axb5 30. e5 Rd8 31. Qb4 Qd7 32. Ree1 Ba5 33. Qc5 Bxe1 34. Rxe1
Qd2 35. Qe3 Qxb2 36. Re2 Qa3 37. Qe4 Qd3 38. Qxd3 Rxd3 39. f5 Re8 40. e6 fxe6
41. fxe6 c3 42. Rc2 Rxe6 0-1

[Event "Madrid-ch Previa B"]
[Site "Madrid ESP"]
[Date "2014.02.08"]
[Round "3.23"]
[White "Barragan Arriaza, Pablo"]
[Black "Barragan Panal, Juan Jose"]
[Result "1/2-1/2"]
[WhiteElo "1361"]
[BlackElo "1630"]
[PlyCount "56"]
[EventDate "2014.02.06"]
[EventType "swiss"]
[EventRounds "9"]
[EventCountry "ESP"]
[Source "lmi"]
[SourceDate "2014.02.06"]

1. d4 d5 2. c4 e6 3. Nc3 Nf6 4. Bg5 Be7 5. e3 b6 6. Nf3 Bb7 7. Bd3 O-O 8. Rc1
dxc4 9. Bxc4 Nbd7 10. O-O c5 11. Qe2 cxd4 12. Nxd4 Ne4 13. Bxe7 Qxe7 14. Nxe4
Bxe4 15. Bd3 Bxd3 16. Qxd3 Rac8 17. Nc6 Rxc6 18. Rxc6 Ne5 19. Qd6 Nxc6 20. Qxc6
Rd8 21. Rc1 h6 22. h3 Qd6 23. Qc7 Rd7 24. Qc8+ Rd8 25. Qc7 Rd7 26. Qc8+ Rd8 27.
Qc7 Rd7 28. Qc8+ Rd8 1/2-1/2

[Event "Madrid-ch Previa B"]
[Site "Madrid ESP"]
[Date "2014.02.14"]
[Round "4.1"]
[White "Ballesteros Galvez, Daniel"]
[Black "Ruiz Sanchez, Roberto"]
[Result "1/2-1/2"]
[WhiteElo "1789"]
[BlackElo "1935"]
[PlyCount "85"]
[EventDate "2014.02.06"]
[EventType "swiss"]
[EventRounds "9"]
[EventCountry "ESP"]
[Source "lmi"]
[SourceDate "2014.02.06"]

1. e4 c5 2. Nf3 Nc6 3. d4 cxd4 4. Nxd4 Nf6 5. Nc3 d6 6. Bc4 g6 7. Nxc6 bxc6 8.
e5 Nd7 9. exd6 Ne5 10. Bb3 exd6 11. O-O Bg7 12. Ne4 d5 13. Nc5 O-O 14. Bf4 Qa5
15. Qe1 Qxc5 16. Bxe5 Re8 17. Qc3 Qxc3 18. Bxc3 Bxc3 19. bxc3 Ba6 20. Rfe1 Kf8
21. f3 Rxe1+ 22. Rxe1 Re8 23. Rxe8+ Kxe8 24. Kf2 Ke7 25. Ke3 Kd6 26. f4 h6 27.
g3 Bb5 28. a3 f6 29. Ba2 g5 30. fxg5 fxg5 31. c4 Bxc4 32. Bxc4 dxc4 33. Kd4 c3
34. Kxc3 Kc5 35. Kb3 Kb5 36. h3 h5 37. g4 hxg4 38. hxg4 Kc5 39. Kc3 Kd5 40. Kd3
Ke5 41. Ke3 Kd5 42. Kd3 Ke5 43. Ke3 1/2-1/2

[Event "Madrid-ch Previa B"]
[Site "Madrid ESP"]
[Date "2014.02.14"]
[Round "4.2"]
[White "Lianes Garcia, Marcos"]
[Black "Lopez Ziegler, Carlos"]
[Result "1/2-1/2"]
[WhiteElo "1837"]
[BlackElo "1944"]
[PlyCount "57"]
[EventDate "2014.02.06"]
[EventType "swiss"]
[EventRounds "9"]
[EventCountry "ESP"]
[Source "lmi"]
[SourceDate "2014.02.06"]

1. e4 Nf6 2. e5 Nd5 3. d4 d6 4. c4 Nb6 5. exd6 cxd6 6. Nc3 g6 7. Be3 Bg7 8. Rc1
O-O 9. b3 N6d7 10. Be2 Nf6 11. Bf3 Nc6 12. Nge2 Bg4 13. Ng3 Bxf3 14. Qxf3 d5
15. cxd5 Nb4 16. O-O Nbxd5 17. Nxd5 Qxd5 18. Rc7 b6 19. Rfc1 Qxf3 20. gxf3 Nd5
21. Rd7 Rfd8 22. Rxd8+ Rxd8 23. Ne2 h6 24. Kg2 f5 25. f4 Kf7 26. Kf3 Rd7 27.
Nc3 Nxc3 28. Rxc3 Bf6 29. Rc1 1/2-1/2

[Event "Madrid-ch Previa B"]
[Site "Madrid ESP"]
[Date "2014.02.14"]
[Round "4.3"]
[White "Munoz Cebey, Ricardo"]
[Black "Soto Martin, Pablo"]
[Result "1-0"]
[WhiteElo "1878"]
[BlackElo "1811"]
[PlyCount "63"]
[EventDate "2014.02.06"]
[EventType "swiss"]
[EventRounds "9"]
[EventCountry "ESP"]
[Source "lmi"]
[SourceDate "2014.02.06"]

1. c4 e5 2. Nc3 Nc6 3. g3 d6 4. Bg2 g6 5. d3 Bg7 6. Rb1 f5 7. e3 Nf6 8. Nge2
O-O 9. O-O Be6 10. Nd5 Qd7 11. b4 Rab8 12. b5 Ne7 13. Nec3 g5 14. f4 h6 15.
Nxe7+ Qxe7 16. Nd5 Qf7 17. Qb3 e4 18. dxe4 Nxe4 19. Bxe4 fxe4 20. Ba3 Qd7 21.
Qc2 c6 22. bxc6 bxc6 23. Nb4 a5 24. Na6 Rxb1 25. Rxb1 Ra8 26. Rb6 Qc8 27. Qxe4
Bd7 28. Bxd6 Qd8 29. c5 Qf6 30. Be5 Qe6 31. Nc7 Qg4 32. Qc4+ 1-0

[Event "Madrid-ch Previa B"]
[Site "Madrid ESP"]
[Date "2014.02.14"]
[Round "4.4"]
[White "Tirado Parra, Alberto"]
[Black "Bento Iglesias, Pablo"]
[Result "0-1"]
[WhiteElo "1939"]
[BlackElo "1601"]
[PlyCount "84"]
[EventDate "2014.02.06"]
[EventType "swiss"]
[EventRounds "9"]
[EventCountry "ESP"]
[Source "lmi"]
[SourceDate "2014.02.06"]

1. Nf3 Nf6 2. d4 d5 3. c4 dxc4 4. e3 Nc6 5. Bxc4 e6 6. O-O Be7 7. Nc3 O-O 8. a3
a6 9. Bd3 b6 10. b4 Bb7 11. Bb2 Na7 12. Rc1 Nd5 13. Nxd5 exd5 14. Ne5 Bd6 15.
Qh5 g6 16. Qh6 Re8 17. f4 Bf8 18. Qh3 f6 19. f5 Bc8 20. Ng4 h5 21. Nf2 Bh6 22.
Qg3 Bg5 23. Nd1 h4 24. Qf3 Bxf5 25. Bxf5 gxf5 26. Qxf5 Rxe3 27. Nxe3 Bxe3+ 28.
Kh1 Bxc1 29. Qg6+ Kh8 30. Bxc1 Qe7 31. h3 Nb5 32. Qh5+ Qh7 33. Qxd5 Rf8 34. Rf5
Nc3 35. Qf3 Kg7 36. Bg5 Qg6 37. Bxh4 Ne2 38. Bxf6+ Rxf6 39. Rxf6 Qb1+ 40. Qf1
Ng3+ 41. Kg1 Nxf1 42. Rxf1 Qd3 0-1

[Event "Madrid-ch Previa B"]
[Site "Madrid ESP"]
[Date "2014.02.14"]
[Round "4.5"]
[White "Yeves Miquel, Enrique"]
[Black "Garcia Serrano, Jose M. Ii"]
[Result "1/2-1/2"]
[WhiteElo "1742"]
[BlackElo "1835"]
[PlyCount "86"]
[EventDate "2014.02.06"]
[EventType "swiss"]
[EventRounds "9"]
[EventCountry "ESP"]
[Source "lmi"]
[SourceDate "2014.02.06"]

1. d4 d5 2. c4 Nc6 3. Nc3 dxc4 4. Nf3 Bg4 5. d5 Bxf3 6. gxf3 Ne5 7. f4 Nd7 8.
e4 Nb6 9. Be3 c6 10. dxc6 Qxd1+ 11. Rxd1 bxc6 12. Bxb6 axb6 13. Bxc4 e6 14. O-O
Bc5 15. Rd3 Nf6 16. Kg2 O-O 17. Kf3 Rfd8 18. Rfd1 Be7 19. Rxd8+ Rxd8 20. Rxd8+
Bxd8 21. a4 Be7 22. Ne2 Bc5 23. Ng3 Kf8 24. h3 Ke7 25. Ke2 Kd7 26. f3 Ke7 27.
f5 e5 28. Kd3 Bf2 29. Ne2 Be1 30. Ke3 h6 31. Nc1 Nh7 32. Nd3 Bg3 33. f4 exf4+
34. Nxf4 Ng5 35. Bf1 Bxf4+ 36. Kxf4 f6 37. e5 fxe5+ 38. Kxe5 Nf3+ 39. Kf4 Nd2
40. Bd3 Kf6 41. b4 Nb3 42. Bc2 Nd4 43. Bd3 Nb3 1/2-1/2

[Event "Madrid-ch Previa B"]
[Site "Madrid ESP"]
[Date "2014.02.14"]
[Round "4.6"]
[White "Urena Castellanos, Antonio"]
[Black "Martinez Rubio, Felipe"]
[Result "1/2-1/2"]
[WhiteElo "1697"]
[BlackElo "1805"]
[PlyCount "125"]
[EventDate "2014.02.06"]
[EventType "swiss"]
[EventRounds "9"]
[EventCountry "ESP"]
[Source "lmi"]
[SourceDate "2014.02.06"]

1. d4 d5 2. Nf3 Nf6 3. Bg5 Ne4 4. Bf4 c6 5. c3 Qb6 6. Qb3 Nd7 7. Nbd2 e6 8.
Nxe4 dxe4 9. Nd2 Qxb3 10. axb3 f5 11. e3 Be7 12. Be2 O-O 13. O-O Re8 14. h3 c5
15. Bb5 Rf8 16. Ra2 a6 17. f3 exf3 18. Nxf3 cxd4 19. cxd4 Nb6 20. Bc4 Re8 21.
Bc7 Bd8 22. Bh2 Nd7 23. Ne5 Bc7 24. Rd1 Nxe5 25. dxe5 Rd8 26. Raa1 Rxd1+ 27.
Rxd1 b5 28. Be2 Kf7 29. Rc1 Bb6 30. Kf2 Bb7 31. Bf3 Rb8 32. Bxb7 Rxb7 33. Rc6
a5 34. Ke2 Ke7 35. Rc8 b4 36. Rg8 Kf7 37. Ra8 Rc7 38. Kd3 Rd7+ 39. Kc4 Rd5 40.
Bf4 h6 41. Rb8 Rc5+ 42. Kd3 Bc7 43. Rb7 g5 44. Bg3 Kg6 45. e4 Bxe5 46. exf5+
exf5 47. Bf2 Rd5+ 48. Kc4 Rd2 49. Bb6 Rxg2 50. Kd5 Bxb2 51. Bxa5 Ba3 52. Rb6+
Kh5 53. Ke5 f4 54. h4 f3 55. Ke4 g4 56. Rf6 Kxh4 57. Rxh6+ Kg5 58. Rh1 Rb2 59.
Bd8+ Kg6 60. Kf4 Rg2 61. Bb6 f2 62. Rf1 g3 63. Kf3 1/2-1/2

[Event "Madrid-ch Previa B"]
[Site "Madrid ESP"]
[Date "2014.02.14"]
[Round "4.7"]
[White "Fernandez Rodriguez, Fernando J"]
[Black "Benitez Cadenas, Luis Miguel"]
[Result "1-0"]
[WhiteElo "1782"]
[BlackElo "1695"]
[PlyCount "71"]
[EventDate "2014.02.06"]
[EventType "swiss"]
[EventRounds "9"]
[EventCountry "ESP"]
[Source "lmi"]
[SourceDate "2014.02.06"]

1. d4 Nf6 2. c4 e5 3. dxe5 Ng4 4. Bf4 Bb4+ 5. Nd2 Nc6 6. Ngf3 Qe7 7. a3 Ngxe5
8. Nxe5 Nxe5 9. e3 Bxd2+ 10. Qxd2 d6 11. Be2 Be6 12. Rc1 Ng6 13. Bg3 O-O-O 14.
Qd4 Kb8 15. Qxg7 h5 16. h4 Bg4 17. Qd4 Bxe2 18. Kxe2 Ne5 19. Qe4 Qf6 20. Rc3
Nd7 21. Qd4 Qg6 22. b4 Nf6 23. Qf4 Rhg8 24. Rd3 Ka8 25. Qg5 Ne4 26. Qxg6 Rxg6
27. Kf3 Re8 28. Bf4 f5 29. Rc1 Nf6 30. c5 Ne4 31. cxd6 Nxd6 32. Bxd6 Rxd6 33.
Rxd6 cxd6 34. Rd1 Re6 35. Rd5 Rf6 36. Kf4 1-0

[Event "Madrid-ch Previa B"]
[Site "Madrid ESP"]
[Date "2014.02.14"]
[Round "4.8"]
[White "Mosteiro Montoro, Alvaro"]
[Black "Alonso Herrero, Ignacio"]
[Result "0-1"]
[WhiteElo "1654"]
[BlackElo "1777"]
[PlyCount "54"]
[EventDate "2014.02.06"]
[EventType "swiss"]
[EventRounds "9"]
[EventCountry "ESP"]
[Source "lmi"]
[SourceDate "2014.02.06"]

1. d4 e6 2. c4 Nf6 3. Nc3 b6 4. e4 Bb7 5. Bd3 Bb4 6. Qe2 Nc6 7. Nf3 Ne7 8. O-O
d6 9. Bg5 h6 10. Bd2 c5 11. d5 e5 12. Nd1 Bxd2 13. Nxd2 g5 14. Ne3 Ng6 15. g3
Bc8 16. Qd1 Bh3 17. Ng2 Qd7 18. Be2 O-O-O 19. a4 a5 20. Ra3 h5 21. Qb3 Kb7 22.
Rc1 h4 23. Bf1 hxg3 24. Qxg3 Rdg8 25. Ne1 Nf4 26. Rc2 Bxf1 27. Kxf1 Rh3 0-1

[Event "Madrid-ch Previa B"]
[Site "Madrid ESP"]
[Date "2014.02.14"]
[Round "4.10"]
[White "Vela Martinez, Jose"]
[Black "Fernandez Rios, Jose Francisco"]
[Result "0-1"]
[WhiteElo "1588"]
[BlackElo "1649"]
[PlyCount "114"]
[EventDate "2014.02.06"]
[EventType "swiss"]
[EventRounds "9"]
[EventCountry "ESP"]
[Source "lmi"]
[SourceDate "2014.02.06"]

1. e4 c5 2. Nf3 g6 3. d4 cxd4 4. Nxd4 Nc6 5. Nc3 Bg7 6. Be3 Nf6 7. f3 O-O 8.
Qd2 d5 9. O-O-O dxe4 10. fxe4 Ng4 11. Nxc6 Qxd2+ 12. Rxd2 bxc6 13. Bc5 Bh6 14.
Bxe7 Re8 15. Bh4 Bxd2+ 16. Kxd2 a5 17. Bc4 Be6 18. Bxe6 Rxe6 19. h3 Nf6 20. Re1
Rae8 21. e5 Nd7 22. Ne4 Rxe5 23. Nf6+ Nxf6 24. Rxe5 Rxe5 25. Bxf6 Rf5 26. Bh4
Kf8 27. Be1 Ke7 28. g3 Ke6 29. Kd3 Rf1 30. Kd2 a4 31. Ke2 Rf5 32. b3 axb3 33.
cxb3 Kd5 34. a4 c5 35. a5 Re5+ 36. Kf2 Rxe1 37. Kxe1 Kc6 38. Kd2 Kb5 39. Kc3
Kxa5 40. Kc4 Kb6 41. g4 f5 42. b4 cxb4 43. gxf5 gxf5 44. Kxb4 Kc6 45. Kc4 Kd6
46. Kd4 Ke6 47. Ke3 Ke5 48. h4 h5 49. Kf3 f4 50. Ke2 Ke4 51. Kf2 f3 52. Kf1 Kf4
53. Kf2 Kg4 54. Kf1 Kxh4 55. Kf2 Kg4 56. Kg1 Kg3 57. Kh1 Kf2 0-1